| 000 | 03992nam a22003254c 4500 | ||
|---|---|---|---|
| 003 | AR-BaSMT | ||
| 008 | 260327t2018 ag||||gr|||| 001 1 spa d | ||
| 020 | _a9789507535734 | ||
| 040 |
_aBSGB _bespañol _erda |
||
| 041 | 0 |
_aspa _hespañol |
|
| 080 | _a82-343 | ||
| 245 | 0 | 0 |
_aLeyendas, mitos y relatos populares _cversiones de Miguel P. Soler. |
| 250 | _a1a edición. | ||
| 264 |
_aBuenos Aires : _bCántaro, _c2018 |
||
| 300 | _a118 páginas. | ||
| 336 | _aTexto | ||
| 337 | _aSin mediación | ||
| 338 | _aVolúmen | ||
| 490 |
_aColección Del Mirador _v268 |
||
| 500 | _aPrólogo de Valeria Judith Stefani. | ||
| 504 | _aBibliografía: p. [117]-118. | ||
| 505 | _aÍndice Puertas de acceso.............................................................................................. 3 Las voces del tiempo ......................................................................................5 Origen y transmisión ...................................................................................6 Una multiplicidad de voces ......................................................................8 Variedades................................................................................................................9 Nuevos relatos: más allá de la tradición ...................................... 18 La obra...................................................................................................................21 I. El fuego (leyendas originarias)....................................................... 21 Los cambios de la luna ............................................................................. 26 El último fuego ............................................................................................... 31 La flor de ceibo................................................................................................ 36 II. El habla (relatos folklóricos).......................................................... 41 El zorro y el tigre............................................................................................ 45 El juramento del zorro............................................................................... 50 Un paseo en cesta .......................................................................................... 56 III. Las huellas (relatos sobre seres míticos).............................. 59 El Uturunco....................................................................................................... 63 El Pombero......................................................................................................... 69 La Umita .............................................................................................................. 76 IV. Los muertos (leyendas urbanas)................................................ 85 La ciudad sin campanas............................................................................ 90 La dama de blanco........................................................................................ 97 El castillo de los bichos..........................................................................107 Bibliografía .................................................................................................... 117 | ||
| 520 | _a“Las historias son como el fuego” dice el narrador, “y saltan incendiarias de rama en rama, de generación en generación”. Leyendas originarias, cuentos folklóricos, relatos míticos y leyendas urbanas se entretejen en las páginas de este libro y van formando un recorrido. El fuego, el habla, las huellas y los muertos nos guían para descubrir las narraciones que nos pueblan, que nos atraviesan y nos dan una identidad común. Al fin y al cabo, estamos hechos de palabras. | ||
| 521 | _aPúblico general | ||
| 650 | 7 |
_9103 _aMITOS Y LEYENDAS |
|
| 650 | 7 |
_923 _aCUENTO |
|
| 700 |
_aSoler, Miguel P. _eCompilador _9437 |
||
| 942 |
_2udc _aBOOK |
||
| 999 |
_c605 _d605 |
||